01361nam a22003137i 450000500170000000800410001702000380005804000250009604100130012108200150013410000560014924000420020524501200024726400590036730000400042633600210046633700250048733800230051249000400053565000480057570000390062383000390066288000620070188001110076388000540087488000400092888000390096888000400100720190321101031.0190311s2017 cc a c 000 fdchi d a9787564538170qpaperbackcRM27.50 aPPAKbengcPPAKerda1 achiheng04a813.522231 6880-01aWilder, Laura Ingalls, d1867-1957eauthor.10aLittle house in the prairie.lChinese106880-02aCao yuan xiao zhen =bLITTLE TOWN IN THE PRAIRIE /c(mei) Luola. Ying ge si. Huai dezhe ; Wang Yajuan yizhu 16880-03aZhengzhou :bZhengzhou daxue chuban she,c2017 a234 pages :billustrations ;c22 cm 2rdacontentatext 2rdamediaaunmediated 2rdacarrieravolume1 6880-04 aXiao muwu de gushi congshu10aAmerican fictionxTranslations into Chinese1 6880-05aWang, Yajuan,etranslator. 06880-06aXiao muwu de gushi congshu1 6100-01/$1a怀德, 罗拉 .英格斯,b1867-1957eauthor.106245-02/$1a草原小镇 =bLITTLE TOWN IN THE PRAIRIE /c(美)罗拉.英格斯.怀德著;王亚娟译著 16264-03/$1a郑州 :b郑州大学出版社,c20171 6490-04/$1a小木屋的故事丛书1 6700-05/$1a王亚娟,etranslator. 06830-06/$1a小木屋的故事丛书